Score 0/57 Timer 14:00
0 Plays Today
Year & Genre(s) Movie % Correct
1977: SciFiStar Wars
99%
1998: WarSaving Private Ryan
91.9%
2003: ComedySchool of Rock
91.2%
1977: DanceSaturday Night Fever
86.9%
2001: AnimatedShrek
84.3%
2002: SuperheroSpider-Man
83.1%
1965: MusicalThe Sound of Music
79.7%
2009: MysterySherlock Holmes
79.3%
2006: ActionSnakes on a Plane
76.6%
1992: ComedySister Act
74.1%
1994: ActionSpeed
73.7%
2001: FamilySpy Kids
72.7%
1983: GangsterScarface
71.5%
2004: HorrorSaw
67.7%
1993: Bio/DramaSchindler's List
67.3%
1987: ComedySpaceballs
65.3%
2008: Romance/DramaSlumdog Millionaire
65.2%
2009: SciFiStar Trek
61.5%
1995: ThrillerSe7en
61.3%
2003: SportsSeabiscuit
60.7%
1980: HorrorThe Shining
59%
1996: HorrorScream
57.3%
1959: ComedySome Like it Hot
55.1%
1960: EpicSpartacus
52.8%
2010: MysteryShutter Island
52.4%
1986: DramaStand By Me
51.8%
1982: DramaSophie's Choice
51.5%
1989: RomanceSay Anything
49.9%
1995: RomanceSense and Sensibility
47.9%
Year & Genre(s) Movie % Correct
1996: DramaSling Blade
47.8%
1984: ComedySixteen Candles
46.8%
1995: CultShowgirls
46.7%
1993: SportsThe Sandlot
45.7%
1999: HorrorThe Sixth Sense
44.9%
2004: DramedySideways
44.4%
1973: CrimeThe Sting
44.2%
1977: SpyThe Spy Who Loved Me
44.1%
2005: CrimeSin City
43.7%
1996: ComedySwingers
40.3%
2001: ActionSwordfish
40%
2004: ComedyShaun of the Dead
39.9%
1950: DramaSunset Blvd
39.2%
2002: RomanceSecretary
37.1%
2003: ActionS.W.A.T.
33.6%
1995: SciFiSpecies
32.7%
1997: SciFiStarship Troopers
32.2%
2005: SciFiSerenity
31.3%
1937/54/76/2018:DramaA Star is Born
27.6%
1956: WesternThe Searchers
20.1%
1957: DramaThe Seventh Seal
17.7%
1972/2002: SciFiSolaris
16.8%
1984: ConcertStop Making Sense
14.6%
2009: DramaA Serious Man
14.3%
1971: ThrillerStraw Dogs
13.6%
1996: DramaSecrets & Lies
11.1%
1993: EnsembleShort Cuts
10.8%
1998: ThrillerA Simple Plan
8.7%
Remove Ads.
Support Sporcle.
Get the best of Sporcle when you Go Orange. This ad-free experience offers more features, more stats, and more fun while also helping to support Sporcle. Thank you for becoming a member.

You're not logged in!

Compare scores with friends on all Sporcle quizzes.
OR
Log In

Show Comments

Extras

Top Quizzes Today


Score Distribution

Your Account Isn't Verified!

In order to create a playlist on Sporcle, you need to verify the email address you used during registration. Go to your Sporcle Settings to finish the process.

Report this User

Report this user for behavior that violates our Community Guidelines.

Details: